LEADER 03637nam 2200577 450 001 9910672003903321 005 20170919185400.0 010 $a84-9085-461-0 035 $a(CKB)3710000000617111 035 $a(EBL)4536389 035 $a(MiAaPQ)EBC4536389 035 $a(OCoLC)984822849 035 $a(FlNmELB)ELB58170 035 $a(EXLCZ)993710000000617111 100 $a20160730d2015 uy 0 101 0 $aspa 135 $aur|n|---||||| 181 $2rdacontent 182 $2rdamedia 183 $2rdacarrier 200 00$aComentario pra?ctico a la nueva normativa de gobierno corporativo $eley 31/2014, de reforma de la ley de sociedades de capital /$fCe?sar Albin?ana Cilveti [y otros 31] ; Fco. Javier Arias Varona, Andre?s Recalde Castells (coordinadores) 210 1$aMadrid :$cDykinson,$d2015. 215 $a1 online resource (234 p.) 225 1 $aEstudios mercantiles ;$v3 300 $aContiene i?ndice. 311 $a84-9085-429-7 320 $aContiene bibliografi?a. 327 $aCOMENTARIO PRA?CTICO A LA NUEVA NORMATIVA (...); PA?GINA LEGAL; CONTENIDO; ABREVIATURAS; PRELIMINAR; I -INTRODUCCIO?N; II -JUNTA GENERAL; III -ADMINISTRADORES; IV -NORMAS ESPECIALES APLICABLES A LOS (...); BIBLIOGRAFI?A BA?SICA DE REFERENCIA; LI?NEAS GENERALES DE LA REFORMA DE LA LEY; LA POSICIO?N DEL SOCIO Y LAS NUEVAS (...); CONFLICTOS DE INTERE?S DE LOS SOCIOS; DERECHO DE INFORMACIO?N EN LA SOCIEDAD ANO?NIMA; NORMAS GENERALES SOBRE VOTACIO?N DE ACUERDOS (...); ADOPCIO?N DE ACUERDOS PERJUDICIALES PARA (...); ACUERDOS SOCIALES IMPUGNABLES; CADUCIDAD Y LEGITIMACIO?N EN LA ACCIO?N DE (...) 327 $aEL DEBER GENERAL DE DILIGENCIA DE LOS (...)RE?GIMEN GENERAL DEL DEBER DE LEALTAD DE (...); IMPERATIVIDAD DEL DEBER DE LEALTAD DE LOS (...); ACCIONES ESPECIALES EN CASO DE INFRACCIO?N (...); RE?GIMEN GENERAL DE REMUNERACIO?N DE ADMINISTRADORES; REGLAS ESPECIALES SOBRE REMUNERACIO?N EN (...); PRESUPUESTOS Y EXTENSIO?N SUBJETIVA DE LA (...); RESPONSABILIDAD DE LOS ADMINISTRADORES: (...); DELEGACIO?N DE FACULTADES Y FACULTADES (...); IMPUGNACIO?N DE ACUERDOS DEL CONSEJO DE (...); NORMATIVA ESPECIAL DE TUTELA DE LA MINORI?A (...); DERECHO A CONOCER LA IDENTIDAD DE LOS ACCIONISTAS 327 $aNORMAS ESPECIALES SOBRE EL EJERCICIO DEL (...)DELEGACIO?N DE LA REPRESENTACIO?N Y EJERCICIO (...); NOMBRAMIENTO Y REELECCIO?N DE CONSEJEROS (...); NORMAS ESPECIALES APLICABLES AL NOMBRAMIENTO (...); EL SECRETARIO DEL CONSEJO DE ADMINISTRACIO?N (...); FUNCIONAMIENTO DEL CONSEJO DE ADMINISTRACIO?N (...); CATEGORI?AS DE CONSEJEROS; LA COMISIO?N DE AUDITORI?A; COMISIONES DENTRO DEL CONSEJO: COMISIO?N (...); LA REMUNERACIO?N DE LOS CONSEJEROS EN LAS (...); LA PA?GINA WEB Y LAS ASOCIACIONES DE (...); EL INFORME ANUAL DE GOBIERNO CORPORATIVO; COMPETENCIAS SUPERVISORAS DE LA CNMV 327 $aINFORMACIO?N SOBRE PERIODOS MEDIOS DE PAGO (...) 410 0$aEstudios mercantiles ;$v3. 606 $aCorporations 606 $aSociedades anonimas 606 $aCorporation law 606 $aDerecho de sociedades 608 $aLibros electronicos. 615 0$aCorporations. 615 4$aSociedades anonimas. 615 0$aCorporation law. 615 4$aDerecho de sociedades. 676 $a338.74 701 $aAlbin?ana Cilveti$b Ce?sar$01335964 702 $aArias Varona$b Fco. Javier 702 $aRecalde Castells$b Andre?s 801 0$bFINmELB 801 1$bFINmELB 906 $aBOOK 912 $a9910672003903321 996 $aComentario pra?ctico a la nueva normativa de gobierno corporativo$93051240 997 $aUNINA LEADER 01754nam0 22003851i 450 001 UON00060415 005 20231205102304.482 100 $a20020107d1959 |0itac50 ba 101 $aeng 102 $aGB 105 $a|||| 1|||| 200 1 $aTao Te Ching$fLao Tzu$gtranslation by Ch'u Ta-Kao 210 $aLondon$cG. Akeu &univ LTD$d1959 215 $a96 p.$d23 cm 606 $aFilosofia$xCina$3UONC007554$2FI 620 $aGB$dLondon$3UONL003044 686 $aCIN VII A$cCINA - RELIGIONE E FILOSOFIA - PERIODO CLASSICO$2A 700 0$aLao Tze (6. sec. a.C.)$3UONV009607$01589364 702 0$aCH'U Ta-Kao$3UONV038638 712 $aAkeu & univ LTD$3UONV255625$4650 790 0$aLao Tzu (6. sec. a.C.)$zLao Tze (6. sec. a.C.)$3UONV016524 790 0$aL?oz? (6. sec. a.C.)$yLao Tze (6. sec. a.C.)$3UONV288217 801 $aIT$bSOL$c20250926$gRICA 899 $aSIBA - SISTEMA BIBLIOTECARIO DI ATENEO$2UONSI 912 $aUON00060415 950 $aSIBA - SISTEMA BIBLIOTECARIO DI ATENEO$dSI CIN VII A 181 $eSI MR 72708 7 181 966 $aFilosofia - Cina - Classici - Traduzioni$yFilosofia - Cina$3UONC005286 966 $aFilosofia - Cina - Influssi occidentali$yFilosofia - Cina$3UONC000067 966 $aFilosofia - Cina - Saggi$yFilosofia - Cina$3UONC002139 966 $aFilosofia - Cina - Scuola legista - Testi - Traduzioni$yFilosofia - Cina$3UONC006299 966 $aFilosofia - Cina - Sec. 18$yFilosofia - Cina$3UONC000634 966 $aFilosofia - Cina - Storia$yFilosofia - Cina$3UONC002551 966 $aRELIGIONE E FILOSOFIA - CINA - TESTI CLASSICI$yFilosofia - Cina$3UONC004498 996 $aTao-te-ching$93895122 997 $aUNIOR